000 00402nam a2200145Ia 4500
008 240624s9999 xx 000 0 und d
041 _aeng
082 _a658.4012 IRE
100 _aIRELAND R DUANE
245 _aMANAGEMENT OF STRATEGY CONCEPTS AND CASE
250 _a(9th ed.)
260 _c2011
_aAustralia
_bSouth-Western Cengage Learning
300 _axxvii, : 442 : p. : cm. ; 25
365 _c
_b30
999 _c19769
_d19769